Places To Study
There are group study rooms, individual study carrels, computer labs, and other spaces to study in the Libraries.
Reserve A Group Room| 000 -LEADER | |
|---|---|
| fixed length control field | 00767nam a22001697a 4500 |
| 003 - CONTROL NUMBER IDENTIFIER | |
| control field | OSt |
| 005 - DATE AND TIME OF LATEST TRANSACTION | |
| control field | 20251215142801.0 |
| 008 - FIXED-LENGTH DATA ELEMENTS--GENERAL INFORMATION | |
| fixed length control field | 251215b |||||||| |||| 00| 0 eng d |
| 040 ## - CATALOGING SOURCE | |
| Transcribing agency | DCL |
| 082 ## - DEWEY DECIMAL CLASSIFICATION NUMBER | |
| Classification number | ၂၉၄.၃၈၂၄ |
| 100 0# - MAIN ENTRY--PERSONAL NAME | |
| Personal name | ကျော်လွင်၊ ဦး၊ နှစ်ဖက်လှ- |
| 245 10 - TITLE STATEMENT | |
| Title | သိပ္ပံအဘိဓမ္မာ၊ |
| Number of part/section of a work | (ဒုတိယတွဲ) / |
| Statement of responsibility, etc. | နှစ်ဖက်လှဦးကျော်လွင်။ |
| 264 ## - PRODUCTION, PUBLICATION, DISTRIBUTION, MANUFACTURE, AND COPYRIGHT NOTICE | |
| Place of production, publication, distribution, manufacture | ရန်ကုန် ၊ |
| Name of producer, publisher, distributor, manufacturer | သကျယင်စိုးစာပေ၊ |
| Date of production, publication, distribution, manufacture, or copyright notice | ၁၉၉၁။ |
| 300 ## - PHYSICAL DESCRIPTION | |
| Extent | ဋ္ဌ၊ ၃၃၇ စာမျက်နှာ ၊ |
| Dimensions | ၂၂ စင်တီ။ |
| 650 ## - SUBJECT ADDED ENTRY--TOPICAL TERM | |
| Topical term or geographic name entry element | အဘိဓမ္မာ။ |
| 942 ## - ADDED ENTRY ELEMENTS (KOHA) | |
| Source of classification or shelving scheme | Dewey Decimal Classification |
| Koha item type | Short Term |
| Suppress in OPAC | No |
| Withdrawn status | Lost status | Source of classification or shelving scheme | Damaged status | Not for loan | Collection | Accession No. | Home library | Current library | Shelving location | Date acquired | Total checkouts | Full call number | Barcode | Date last seen | Price effective from | Koha item type |
|---|---|---|---|---|---|---|---|---|---|---|---|---|---|---|---|---|
| Dewey Decimal Classification | Myanmar Collection | 316 | Dhammadhara | Dhammadhara | Myanmar Shelves | 15/12/2025 | ၂၉၄.၃၈၂၄ ကျော် ၃၁၆ | MB00000316 | 15/12/2025 | 15/12/2025 | Short Term |